00950nam a22002177a 450000500170000000800410001701700410005802000180009904000230011708200220014010000500016224501590021225000090037126001150038030000220049560000360051765000370055394200120059099900170060295201130061920240530110627.0170108s2014 ua g b 000 0 ara d a2014/8938bمصر. دار الكتب a9789773223298 aEG-CaGPLcEG-CaGPL04221a398.27bط م0 aطلعت عبدالعزيز ابو العزم10aمن الحكى الشعبى :bحكايات المعلم احمد ابوالجدايل/cجمع ودراسة طلعت عبدالعزيز ابوالعزم aط.1 aالقاهرة : bعين للدراسات و البحوث الانسانية و الاجتماعية ،c2014 a102 ص؛c24 سم aاحمد ابوالجدايل .072qrmakaالقصص الشعبية 2ddccBK c63185d63185 00104070aCAIbCAIcMAIN-LIBRARYd2017-01-10l0o398.27 ط مp163150r2017-01-10 00:00:00w2017-01-10yBK